Detalles MARC
| 000 -LÍDER |
| Campo fijo de descripción fija |
00908nam a22002417a 4500 |
| 003 - IDENTIFICADOR DEL NÚMERO DE CONTROL |
| Campo de control |
BCEG |
| 005 - FECHA Y HORA DE LA ULTIMA TRANSACCIÓN |
| control field |
20260210174751.0 |
| 008 - ELEMENTOS DE LONGITUD FIJA -- INFORMACIÓN GENERAL |
| Campo fijo de descripción fija -- Información general |
260210s1995 mx|||||| |||| 00| 0 spa d |
| 040 ## - FUENTE DE CATALOGACIÓN |
| Agencia de catalogación original |
BCEG |
| Idioma de catalogación |
spa |
| Agencia que realiza la transcripción |
BCEG |
| 082 04 - NÚMERO DE CLASIFICACIÓN DECIMAL DEWEY |
| Número de clasificación |
551.22 |
| Clave de autor-Numero de item |
R312d |
| 245 00 - TÍTULO PROPIAMENTE DICHO |
| Título |
Red de observación sísmica del CENAPRED |
| Otra información sobre el título - Subtitulo |
: registros acelerográficos obtenidos durante 1990, 1991, 1992. |
| 260 ## - PUBLICACIÓN, DISTRIBUCIÓN, ETC. (PIE DE IMPRENTA) |
| Lugar de publicación, distribución, etc. |
México : |
| Nombre del editor, distribuidor, etc. |
Secretaría de Gobernación, Centro Nacional de Prevención de Desastres, |
| Fecha de publicación, distribución, etc. |
1995. |
| 300 ## - DESCRIPCIÓN FÍSICA |
| Extensión |
v. |
| Otros detalles físicos |
tabs, gráfs, maps. |
| 490 ## - MENCIÓN DE SERIE |
| Mención de serie |
Cuadernos de Investigación ; |
| Designación numérica/secuencial del volumen |
19, 20, 21. |
| 500 ## - NOTA GENERAL |
| Nota General |
La biblioteca sólo cuenta con los años 1990, 1991 y 1992. |
| 541 ## - NOTA DE FUENTE INMEDIATA DE ADQUISICIÓN |
| Nota de fuente de adquisición |
Donación. |
| 650 ## - ASIENTO SECUNDARIO DE MATERIA - TERMINO TEMÁTICO |
| Término temático o nombre geográfico como elemento de entrada |
Sismos |
| Subdivisión de forma |
Informes |
| Subdivisión geográfica |
México. |
| 650 ## - ASIENTO SECUNDARIO DE MATERIA - TERMINO TEMÁTICO |
| Término temático o nombre geográfico como elemento de entrada |
Desastres naturales |
| Subdivisión general |
Prevención. |
| 700 1# - ASIENTO SECUNDARIO - NOMBRE PERSONAL |
| Nombre personal |
López Nájera, Bertha, |
| Función o responsabilidad del autor |
coaut. |
| 700 1# - ASIENTO SECUNDARIO - NOMBRE PERSONAL |
| Nombre personal |
Quaas Weppen, Roberto, |
| Función o responsabilidad del autor |
coaut. |
| 700 1# - ASIENTO SECUNDARIO - NOMBRE PERSONAL |
| Nombre personal |
Medina Morán, Salvador, |
| Función o responsabilidad del autor |
coaut. |
| 942 ## - TIPO DE MATERIAL (KOHA) |
| Tipo de Item KOHA |
Libro |